| 000 | 00824nam a2200229 a 4500 | ||
|---|---|---|---|
| 001 | 63750 | ||
| 003 | BD-RjUL | ||
| 005 | 20211209081229.0 | ||
| 008 | 170202s1987 bg ||||| |||| 00| 0 ben d | ||
| 020 | _c: Tk 55.00 | ||
| 035 | _a(BD-RjUL)63880 | ||
| 040 |
_aBD-RjUL _bben _cBD-RjUL |
||
| 041 | _aben | ||
| 082 |
_223 _a726.209 _bHAM 1987 |
||
| 100 |
_aহাসান, সৈয়দ মাহমুদূল _9175100 |
||
| 245 | 1 | 0 |
_aমসজিদের ইতিহাস / _cসৈয়দ মাহমুদূল হাসান |
| 260 |
_aঢাকা : _bইসলামিক ফাউন্ডেশন, _c১৯৮৭ |
||
| 300 |
_a৩১৪ পৃ. ; _c২১ সেমি. |
||
| 650 |
_aমসজিদ _xইতিহাস _9170388 |
||
| 650 |
_aMosque _xHistory _9189242 |
||
| 942 |
_2ddc _cBK |
||
| 999 |
_c63750 _d63750 |
||